书目信息 |
| 题名: |
父与子全集
|
|
| 作者: | 卜劳恩 作 ;洪佩奇 编 | |
| 分册: | ||
| 出版信息: | 南京 译林出版社 2007.01 |
|
| 页数: | 195页 | |
| 开本: | 17×19cm | |
| 丛书名: | 世界连环画漫画经典大系 | |
| 单 册: | ||
| 中图分类: | J238.2 | |
| 科图分类: | ||
| 主题词: | 漫画--man hua--连环画--德国--现代 | |
| 电子资源: | ||
| ISBN: | 978-7-80657-520-8 | |
| 000 | 01135nam 2200313 450 | |
| 001 | 012008599921 | |
| 005 | 20080508080026.46 | |
| 010 | @a978-7-80657-520-8@dCNY12.00 | |
| 100 | @a20080506d2007 em y0chiy0120 ea | |
| 101 | 1 | @achi@cger |
| 102 | @aCN@b320000 | |
| 105 | @aac z 000yy | |
| 106 | @ar | |
| 200 | 1 | @a父与子全集@Afu yu zi quan ji@f(德) 卜劳恩作@F(de)bo lao en zuo@g洪佩奇编@Ghong pei qi bian |
| 205 | @a第3版 | |
| 210 | @a南京@c译林出版社@c凤凰出版传媒集团@d2007.01 | |
| 215 | @a195页@c图, 肖像@d17×19cm | |
| 225 | 2 | @a世界连环画漫画经典大系@Ashi jie lian huan hua man hua jing dian da xi |
| 300 | @a此书获全国优秀畅销书奖 | |
| 312 | @a德文并列题名取自封面 | |
| 330 | @a本书中的一幅幅小巧精湛的画面闪烁着智慧之光,无言地流泻出纯真的赤子之情与融融的天伦之乐,永远地震撼着人们的心灵。 | |
| 410 | 0 | @12001 @a世界连环画漫画经典大系 |
| 500 | 10 | @aVater und Sohn@mChinese |
| 606 | 0 | @a漫画@Aman hua@x连环画@y德国@z现代 |
| 690 | @aJ238.2@v4 | |
| 701 | 1 | @a卜劳恩@Abo lao en@g(Plauen, E. O.)@4作 |
| 702 | 0 | @a洪佩奇@Ahong pei qi@4编 |
| 801 | 0 | @aCN@bQSSK@c20080508 |
| 905 | @b705497-98@dJ238.2@eB972@f2 | |
| 父与子全集/(德) 卜劳恩作/洪佩奇编.-第3版.-南京:译林出版社:凤凰出版传媒集团,2007.01 |
| 195页:图, 肖像;17×19cm.-(世界连环画漫画经典大系) |
| 此书获全国优秀畅销书奖 |
| ISBN 978-7-80657-520-8:CNY12.00 |
| 本书中的一幅幅小巧精湛的画面闪烁着智慧之光,无言地流泻出纯真的赤子之情与融融的天伦之乐,永远地震撼着人们的心灵。 |
| ● |
| 相关链接 |
|
|
|
正题名:父与子全集
索取号:J238.2/B972
 
预约/预借
| 序号 | 登录号 | 条形码 | 馆藏地/架位号 | 状态 | 备注 |
| 1 | 705497 | 207054970 | 社科库309/ [索取号:J238.2/B972] | 在馆 | |
| 2 | 705498 | 207054989 | 社科库309/ [索取号:J238.2/B972] | 在馆 |